000 00625cam a2200145 4500500
005 20260208010811.0
041 _afre
042 _adc
100 1 0 _aGabaude, Jean-Marc
_eauthor
245 0 0 _aEvanghélos Moutsopoulos, Le Problème de l’imaginaire chez Plotin, Athènes, Académie d’Athènes – Centre de Recherche sur la Philosophie Grecque, 2011, 120 p.
260 _c2013.
500 _a8
786 0 _nRevue philosophique de la France et de l'étranger | 138 | 1 | 2013-02-18 | p. 99v-127v | 0035-3833
856 4 1 _uhttps://shs.cairn.info/revue-philosophique-2013-1-page-99v?lang=fr&redirect-ssocas=7080
999 _c1658257
_d1658257